000 01012nam a2200301 a 4500
001 000026247
003 DO-SdBNP
005 20150716112430.0
007 000026247
008 110307s2007 dr a 000 0 spa d
020 _a9789945443127
040 _aBPMET
_bspa
_cBPMET
092 _a332.4
_bQ452h
100 1 _aAlmonte Diloné, Henry,
245 1 0 _a¿Qué es el dinero? /
_cHenry Almonte Diloné.
260 _aSanto Domingo :
_bBanco Central de la República Dominicana;,
_c2007.
300 _a63 p. :
_bil. ;
_c22 cm.
490 1 _aBanco Central de la República Dominicana, educativa, no.2
_v94
650 4 _aMONEDA
650 4 _aPODER DE COMPRA
830 0 _aBanco Central de la República Dominicana, educativa,no. 2
_v94
930 1 _lBND01
_mLF1
_820110307
_f01
_pOI
_g17327
942 _2ddc
_cBK
956 _aYPOLANCO
_b10
_c20110307
_lBND01
_h1454
956 _aRABREU
_b10
_c20110309
_lBND01
_h1000
956 _aVMATEO
_b10
_c20150424
_lBND01
_h00151
956 _aVMATEO
_b10
_c20150716
_lBPMSU
_h00151
999 _c7692
_d7692